| 000 | 00459nam a22001457a 4500 | ||
|---|---|---|---|
| 003 | OSt | ||
| 005 | 20260415010220.0 | ||
| 008 | 260415b |||||||| |||| 00| 0 eng d | ||
| 040 |
_aDWCL GS lib _cOC |
||
| 082 | _aSC. 050 P552 2010 | ||
| 245 |
_athe 2010 philippines yearbook: _bthe all new power 88 |
||
| 260 |
_aPhilippines _bphilippines yearbook 2010 _cc2010 |
||
| 300 | _a231 | ||
| 942 |
_2ddc _cSC _hSC. 050 P552 2010 _n0 |
||
| 999 |
_c9423 _d9423 |
||